000
00276nam a22001217a 4500
008
181204b xxu||||| |||| 00| 0 eng d
041
_a
eng
080
_a
330
100
_a
52
101
_a
EKO
245
_a
Elementary Theory of Economic Behavior
_c
Hadar,J
942
_2
udc
_c
BK
999
_c
52768
_d
52768